000 00330nam a2200145Ia 4500
100 _aAICTE
942 _cBK
654 _aComputer
245 _aDesk Top Publishing C-NO : 516
260 _bContinuing Education Programmer AICTE
_aBangalore
_c1996
082 _a70
_bAICTE
300 _a52
546 _aENGLISH
999 _c29416
_d29416